Multiple sclerosis to date diagnosis, epidemiology, new aspects of the pathomechanism and the therapy /

Elmentve itt :
Bibliográfiai részletek
Szerző: Bencsik Krisztina
További közreműködők: Vécsei László (Témavezető)
Dokumentumtípus: Disszertáció
Megjelent: 2002-11-29
Tárgyszavak:
mtmt:31173046
Online Access:http://doktori.ek.szte.hu/199
LEADER 00807nta a2200193 i 4500
001 dokt199
005 20200212160042.0
008 100514s2002 hu om 0|| eng d
024 7 |a 31173046  |2 mtmt 
040 |a SZTE Doktori Repozitórium  |b hun 
041 |a eng 
100 1 |a Bencsik Krisztina 
245 1 0 |a Multiple sclerosis to date  |h [elektronikus dokumentum] :  |b diagnosis, epidemiology, new aspects of the pathomechanism and the therapy /  |c  Bencsik Krisztina 
260 |c 2002-11-29 
502 |a Disszertacio 
650 4 |a klinikai orvostudományok 
700 1 |a Vécsei László  |e ths 
856 4 0 |u https://doktori.bibl.u-szeged.hu/id/eprint/199/1/2002_bencsik_krisztian.pdf  |z Dokumentum-elérés  
856 4 0 |u https://doktori.bibl.u-szeged.hu/id/eprint/199/2/2002_bencsik_krisztian_publikaciok.pdf  |z Dokumentum-elérés